| 000 | 00554nam a2200205 4500 | ||
|---|---|---|---|
| 001 | VA62814 | ||
| 003 | ES-SlBCS | ||
| 005 | 20210601161134.0 | ||
| 008 | 140520s1962 xxu||||| |||| 00| 0 spa d | ||
| 017 | _aM: 3551-1962 | ||
| 041 | _aspa | ||
| 100 | 1 |
_aMontier, Edward _936806 |
|
| 245 | 1 | 0 |
_aLa novia ideal _cEdward Montier; María Esther Vigon |
| 260 |
_aMadrid : _bStudium _c, 1962 |
||
| 300 |
_a121 p.; _c19 cm |
||
| 500 | _aTít. orig.: L'ideale fiancee | ||
| 650 | 0 | 4 |
_aNovia Ideal _9398366 |
| 700 | 1 |
_aVigon, María Esther _936881 |
|
| 942 | _cBK | ||
| 999 |
_c838219 _d838219 |
||